| 000 | 004190000a22001450004500 | ||
|---|---|---|---|
| 003 | MACL | ||
| 005 | 20190501151506.0 | ||
| 008 | 190501b xxu||||| |||| 00| 0 eng d | ||
| 040 |
_aMACL _cMACL |
||
| 100 |
_aचतुरसेनआचार्य _966939 |
||
| 245 | _aतरलाग्नि | ||
| 260 |
_bगौतम बुक _aमेरठ |
||
| 650 |
_aसाहित्य _974658 |
||
| 942 |
_cHIN _k800 _2ddc |
||
| 999 |
_c24636 _d24636 |
||